| 000 | 02659cam a22002174a 4500 | ||
|---|---|---|---|
| 005 | 20250605164029.0 | ||
| 008 | 250528s ||||||||||||||||||||||||d | ||
| 035 | _a16545 | ||
| 020 | _a9603440205 | ||
| 040 |
_aGR-AtMCL _bgre _dGR-AtMCL _eAACR2 |
||
| 245 | 1 | _aΔιαπολιτισμική Αγωγη / Νέα Βελτιωμένη Έκδοση | |
| 250 | _a1η | ||
| 260 |
_bΕλληνικά Γράμματα, _c1997 |
||
| 300 | _a120 | ||
| 520 | _aΗ Διαπολιτισμική Αγωγή που αναπτύσσεται ως παιδαγωγική θέση τα τελευταία χρόνια, φιλοδοξεί να καλύψει τις εκπαιδευτικές ανάγκες οι οποίες προκύπτουν από την εξέλιξη των μονοπολιτισμικών κοινωνιών σε πολυπολιτισμικές. Πρόλογος, Η Έννοια της Διαπολιτισμικης Αγωγης, Ο Όρος ''Διαπολιτισμικός'', Πολιτισμός και Πολιτισμικές Διαφορές και Διαφοροποίηση, Ατομική και Ομαδική Ταυτότητα και Εθνοκεντρισμός, Εθνικότητα και Εθνική Ταυτότητα ως Εκφράσεις Πολιτισμικής Διαφοροποίησης, Οι Σύγχρονες Πολυπολιτισμικές Συνθήκες και η Διαπολιτισμικη Αγωγη, Στόχοι της Διαπολιτισμικης Αγωγης, Η Διαπολιτισμικη Διάσταση στην Εκπαιδευτική Διαδικασία, Το Διαπολιτισμικό Μάθημα, Η Οργάνωση της Μαθητικής Τάξης, Τα Γνωστικά Αντικείμενα, Η Γλώσσα ως Γνωστικό Αντικείμενο και ως Μέσο Διδασκαλίας, Τα Μαθήματα Θετικής Κατεύθυνσης, Τα Θεωρητικά Μαθήματα, Τα Μαθήματα Τέχνης, Η Εκπαίδευση των Δασκάλων, Η Διαπολιτισμική Αγωγή στην Ευρώπη και Αλλού, Η Διαπολιτισμικη Αγωγη στις Βιομηχανικές Χώρες της Ευρώπης, Η Διαπολιτισμικη Αγωγη στην Ελλάδα, Η Διαπολιτισμικη Αγωγη σε Χώρες Εκτός Ευρώπης, Ο Ελληνισμός της Διασποράς, Επίλογος, Βιβλιογραφία. | ||
| 700 | 1 |
_aΚανακίδου Ε _92644 |
|
| 700 | 1 |
_aΠαπαγιάννη Β _92645 |
|
| 942 | _cBK | ||
| 999 |
_c2037 _d2037 |
||